000 002940000a22001330004500
041 0 _aSPA
082 0 4 _aG 861 B462i
100 1 _aBenedetti, Mario (1920-)
245 1 0 _aInventario : Poesía / Mario Benedetti
260 _aCaracas : Lego
300 _a384 Pág.
001 14337
942 _cBK
999 _c43216
_d43216